000 00560 a2200181 4500
999 _c8960
_d8960
020 _a0958441731
050 0 0 _aKF 2971 CUR 2003
100 1 _aCurrie, Iain.
245 1 4 _aThe Promotion of Access to Information Act commentary /
_cby Iain Currie and Jonathan Klaaren.
264 _aCape Town:
_bSiber Ink,
_c2002
300 _axxii, 283 p. ;
500 _aIncludes index.
650 0 _aFreedom of information
650 0 _aPrivacy, Right of
650 0 _aPublic records
_xLaw and legislation
700 1 _aKlaaren, Jonathan.
942 _2lcc
_cBK
_h2971
_iCUR
_kKF